Citations Seigneur des Anneaux #4 - Statistiques

Statistiques générales
  • Ce quiz a été pris 106 fois
  • Le résultat moyen est 12 sur 15
Statistiques - réponses
Hint Réponse % Correct
« LEGOLAS : -Et que diriez-vous de mourir au côté d’un ami ? -Ah oui, ça je peux faire… » Gimli
100%
« Va-t’en ! Que je m’en aille ? C’est moi qui nous ai sauvé ! Nous avons survécu grâce à MOI ! Nous n’avons plus besoin de toi ! Le maitre veille sur nous à présent. Quoi ? Pars maintenant et ne reviens plus jamais ! Pars maintenant et ne reviens plus jamais ! Nous lui avons dit de partir et il s’en va mon précieux ! Parti ! Parti ! Parti ! Sméagol est libre ! » Gollum
100%
« Un jour peux venir où le courage des hommes faillira, où nous abandonnerons nos amis. Mais ce jour n’est pas arrivé ! Ce sera l’heure des loups et des boucliers fracassés lorsque l’âge des hommes s’effondrera. Mais ce jour n’est pas arrivé ! Aujourd’hui nous combattrons pour tout ce qui nous est cher sur cette bonne terre. Je vous ordonne de tenir, hommes de l’ouest ! » Aragorn
96%
« Moi, je le ferai ! » Frodon
91%
« Les rois ont construit des tombes plus belles que les maisons des vivants, et chéri le nom de leurs ancêtres plus que celui de leurs fils » Gandalf
86%
« Aucun parent ne devrait avoir à enterrer son enfant » Théoden
86%
« Tu oublies un personnage important : Sam Gamgie le brave. Frodon ne serait pas aller bien loin sans Sam. » Frodon
85%
« Je ne connais pas la moitié d’entre vous autant que je le voudrais, mais moins de la moitié d’entre vous à moitié moins que vous le méritez. » Bilbon
83%
« J’entends une voix sinistre dans l’air… » Legolas
80%
« Question très pertinente, mon suzerain » Grima
78%
« Point de sépulture pour Faramir et Dénéthor ! » Dénéthor
70%
« Nous venons seulement de finir de nous dire… bonjour » Sylvebarbe
69%
« Nous mourons de faim ! » Gollum
68%
« Les choses sont rentrés dans l’ordre ! » Merry
57%
« Je ne saurai trouver de quiétude » Boromir
51%
Aucun quiz correspondant
Distribution des résultats
% des personnes avec chaque résultat
Percentile par nombre de réponses
Votre historique - résultats
Vous n’avez pas pris ce quiz